000 00458nam a2200181 a 4500
001 3582
005 20140414132033.0
008 040601s19uu xx 00 eng d
050 _aTR
_bB53 1987
245 _aBirthday party!.
260 _aU.S.A :
_bWorld Book,
_c1987.
300 _a1 v. (unp.) : ill. ; cm.
440 _aEarly world of learning
500 _aTR/PS
650 _aBirthdays--Fiction.
650 _aChildren stories.
999 _c113662
_d113662